[Event "6th ch-EURw"]
[Site "Chisinau MDA"]
[Date "2005.06.11"]
[Round "1"]
[White "Talmazan,O"]
[Black "Hryhorenko,N"]
[Result "0-1"]
[WhiteElo "2013"]
[BlackElo "2294"]
[EventDate "2005.06.11"]

1. e4 e6 2. d4 d5 3. Nc3 Bb4 4. exd5 exd5 5. Bd3 Nc6 6. Nge2 Qf6 7. O-O
Nge7 8. Nb5 O-O 9. Nxc7 Rb8 10. Nf4 Bd6 11. Ncxd5 Nxd5 12. Nxd5 Qxd4 13.
Qh5 g6 14. Qf3 Ne5 15. Qf6 Qxd5 16. Bh6 Nf3+ 17. Qxf3 Qxf3 18. gxf3 Re8 19.
Kg2 Be6 20. a3 f6 21. f4 Rbc8 0-1

[Event "6th ch-EURw"]
[Site "Chisinau MDA"]
[Date "2005.06.12"]
[Round "2"]
[White "Sarakauskiene,Z"]
[Black "Vasilevich,I"]
[Result "0-1"]
[WhiteElo "2177"]
[BlackElo "2347"]
[EventDate "2005.06.11"]

1. e4 c5 2. Nf3 e6 3. d4 cxd4 4. Nxd4 Nc6 5. Nc3 Qc7 6. Be2 a6 7. O-O Nf6
8. Kh1 Be7 9. f4 d6 10. Be3 O-O 11. Qe1 Nxd4 12. Bxd4 b5 13. Qg3 Bb7 14.
Bd3 b4 15. e5 Nh5 16. Qg4 g6 17. Ne4 Bxe4 18. Bxe4 Rad8 19. Bd3 dxe5 20.
Bxe5 Bd6 21. Rae1 Bxe5 22. fxe5 a5 23. Rf3 Rd5 24. Qe4 Rfd8 25. Qe3 a4 26.
g4 Ng7 27. Rh3 b3 28. axb3 axb3 29. Re2 Rd4 30. Rg3 Qa5 31. Be4 Qxe5 32.
cxb3 Qb5 33. Bc2 Qb4 34. h3 Qb7+ 35. Kh2 Qc7 36. Kg2 e5 37. Rf3 R4d5 38. b4
Ne6 39. Ref2 R5d7 40. Qc3 Qb8 41. Kg1 Nf4 42. Rg3 Rd4 43. b3 Rxb4 44. h4
Rbd4 45. Qe3 Qb5 46. Kh2 Qd5 47. h5 Rd2 48. hxg6 hxg6 49. Rgf3 Kg7 50. Kg3
Rxf2 51. Rxf2 Rh8 52. Rxf4 exf4+ 53. Qxf4 Qc5 54. Be4 Qc3+ 55. Qf3 Qe5+ 56.
Kf2 Rh2+ 57. Ke3 Qc3+ 58. Bd3 Qxb3 59. Qg3 Qe6+ 60. Kf3 Rd2 61. Be4 Qb3+
0-1

[Event "6th ch-EURw"]
[Site "Chisinau MDA"]
[Date "2005.06.14"]
[Round "4"]
[White "Houska,Jo"]
[Black "Gaponenko,I"]
[Result "1-0"]
[WhiteElo "2334"]
[BlackElo "2482"]
[EventDate "2005.06.11"]

1. e4 c5 2. Nf3 g6 3. d4 Bg7 4. c3 cxd4 5. cxd4 d5 6. e5 Bg4 7. Nc3 Nc6 8.
Bb5 e6 9. h3 Bxf3 10. Qxf3 Nge7 11. Bg5 Qb6 12. Bxe7 Kxe7 13. Bxc6 bxc6 14.
Qe3 Rhb8 15. O-O Qb4 16. Rfd1 c5 17. dxc5 Rc8 18. Rxd5 Ke8 19. Rd4 Qxc5 20.
f4 Kf8 21. Rd8+ 1-0

[Event "6th ch-EURw"]
[Site "Chisinau MDA"]
[Date "2005.06.14"]
[Round "4"]
[White "Nill,J"]
[Black "Peptan,C"]
[Result "0-1"]
[WhiteElo "2290"]
[BlackElo "2435"]
[EventDate "2005.06.11"]

1. d4 Nf6 2. c4 e6 3. Nc3 Bb4 4. e3 b6 5. Nge2 Ne4 6. Qc2 Bb7 7. a3 Bxc3+
8. Nxc3 Nxc3 9. Qxc3 O-O 10. Bd3 Qh4 11. Bd2 Bxg2 12. Rg1 Be4 13. O-O-O d6
14. Rg3 Bxd3 15. Qxd3 f5 16. Rdg1 Rf7 17. f3 Nd7 18. e4 fxe4 19. fxe4 Nf6
20. e5 dxe5 21. dxe5 Ne4 22. Bg5 Nxg5 23. Rxg5 Raf8 24. Kb1 Qxh2 25. R1g2
Qf4 26. Ka2 Re7 27. R2g4 Qf3 28. Qd4 Qf2 29. Qd3 Qf3 30. Qd4 g6 31. Rg3 Qf4
32. Qd3 Rg7 33. R3g4 Qf1 34. Qd4 Qf7 35. Qe4 Qf3 36. Qd4 a5 37. Qd2 Rgf7
38. Qh2 Qd3 39. Qh6 Rg7 40. Qh4 Rf3 41. Rd4 Qb3+ 0-1

[Event "6th ch-EURw"]
[Site "Chisinau MDA"]
[Date "2005.06.14"]
[Round "4"]
[White "Guseva,M"]
[Black "Jackova,J"]
[Result "1-0"]
[WhiteElo "2264"]
[BlackElo "2406"]
[EventDate "2005.06.11"]

1. d4 d5 2. c4 dxc4 3. e4 e5 4. Nf3 exd4 5. Bxc4 Nc6 6. O-O Be6 7. Bb5 Bc5
8. Nbd2 Nge7 9. Ng5 Qd6 10. Nxe6 Qxe6 11. Nb3 Qd6 12. Bf4 Qxf4 13. Nxc5 O-O
14. Rc1 Rfb8 15. g3 Qd6 16. f4 b6 17. Na6 Rb7 18. e5 Qd5 19. Qa4 Nxe5 20.
fxe5 c5 21. Bc4 Qxe5 22. Rce1 Qg5 23. Rxf7 Kh8 24. Qd1 b5 25. Qf3 1-0

[Event "6th ch-EURw"]
[Site "Chisinau MDA"]
[Date "2005.06.14"]
[Round "4"]
[White "Melnikova,Y"]
[Black "Alexanian,N"]
[Result "1-0"]
[WhiteElo "2301"]
[BlackElo "2211"]
[EventDate "2005.06.11"]

1. e4 e6 2. d4 d5 3. Nd2 Nf6 4. e5 Nfd7 5. f4 c5 6. c3 Nc6 7. Ndf3 Qb6 8.
h4 cxd4 9. cxd4 Be7 10. h5 f6 11. Bd3 Nf8 12. Ne2 Bd7 13. a3 O-O-O 14. b4
h6 15. Bd2 a6 16. Rb1 Kb8 17. Kf2 fxe5 18. fxe5 Nh7 19. b5 axb5 20. Rxb5
Qa7 21. Qb3 Rdf8 22. Rb1 Bc8 23. Rb6 Nxd4 24. Nexd4 Bc5 25. Be3 Bxb6 26.
Nc6+ bxc6 27. Bxb6 Qa8 28. Bc5+ Bb7 29. Bxh7 Rf7 30. Bg6 Rd7 31. Nd4 Kc8
32. Nxe6 Qa5 33. Qb4 Qa6 34. Nf8 1-0

[Event "6th ch-EURw"]
[Site "Chisinau MDA"]
[Date "2005.06.14"]
[Round "4"]
[White "Hryhorenko,N"]
[Black "Bashkite,V"]
[Result "1-0"]
[WhiteElo "2294"]
[BlackElo "2205"]
[EventDate "2005.06.11"]

1. d4 d5 2. Nf3 Nf6 3. c4 c6 4. g3 Bg4 5. Bg2 Bxf3 6. Bxf3 Nbd7 7. O-O e6
8. Nd2 Qb6 9. e4 Qxd4 10. cxd5 cxd5 11. exd5 Nxd5 12. Qe2 Be7 13. Nb3 Qe5
14. Qb5 Rb8 15. Rd1 N5b6 16. Qd3 Bg5 17. Bxg5 Qxg5 18. Be4 f5 19. Bg2 O-O
20. a4 Ne5 21. Qe2 Qf6 22. f4 Nc6 23. a5 Nd5 24. Nc5 Qe7 25. Qxe6+ Qxe6 26.
Nxe6 Ne3 27. Nxf8 Nxd1 28. Nd7 Nxb2 29. Nxb8 Nxb8 30. Rb1 1-0

[Event "6th ch-EURw"]
[Site "Chisinau MDA"]
[Date "2005.06.14"]
[Round "4"]
[White "Paulet,I"]
[Black "Makka,I"]
[Result "1-0"]
[WhiteElo "2051"]
[BlackElo "2250"]
[EventDate "2005.06.11"]

1. d4 d5 2. Nf3 Nf6 3. Bg5 e6 4. e3 Be7 5. Bd3 Nbd7 6. Nbd2 c5 7. c3 O-O 8.
h4 b6 9. Ne5 Bb7 10. Qc2 c4 11. Be2 Nxe5 12. dxe5 Nd7 13. Bxe7 Qxe7 14. f4
f6 15. Nf3 fxe5 16. fxe5 Rf5 17. Ng5 Nf8 18. O-O-O Qc5 19. Rd4 Rf2 20. Qd1
h6 21. Qe1 Rf5 22. Nf3 Nd7 23. g4 Rf7 24. h5 Raf8 25. Nh4 Nxe5 26. Ng6 Nxg6
27. hxg6 Rf6 28. g5 Rxg6 29. gxh6 gxh6 30. Rg1 Rff6 31. Bh5 Rg5 32. Rxg5+
hxg5 33. Qg3 Rf1+ 34. Kd2 Qe7 35. Rg4 Rf5 36. Bg6 Bc6 37. Bxf5 exf5 38.
Rxg5+ Kf8 39. Rg8+ 1-0

[Event "6th ch-EURw"]
[Site "Chisinau MDA"]
[Date "2005.06.15"]
[Round "5"]
[White "Zaiatz,E"]
[Black "Kursova,M"]
[Result "1-0"]
[WhiteElo "2398"]
[BlackElo "2300"]
[EventDate "2005.06.11"]

1. d4 Nf6 2. c4 e6 3. Nc3 Bb4 4. e3 O-O 5. Nge2 d5 6. a3 Be7 7. cxd5 exd5
8. b4 Bf5 9. Ng3 Bg6 10. Be2 Ne8 11. Qb3 c6 12. b5 Nd7 13. a4 Nd6 14. a5
Rc8 15. bxc6 bxc6 16. O-O Nf6 17. Ba3 h5 18. Rfc1 h4 19. Nf1 h3 20. g3 Nf5
21. Qd1 Bxa3 22. Rxa3 Nd6 23. Nb1 Nc4 24. Ra2 Rb8 25. Nfd2 Ne4 26. Nxe4
Bxe4 27. Bf1 Qd7 28. Nd2 Nb2 29. Qh5 Bf5 30. Nf3 f6 31. Nh4 Bg4 32. Qg6 Rb3
33. f3 Be6 34. Rb1 Rfb8 35. Qc2 Qb7 36. a6 Qb6 37. Ng6 Nc4 38. Rxb3 Qxb3
39. Qxb3 Rxb3 40. Ne7+ Kf7 41. Nxc6 Bd7 42. Nxa7 Nxe3 43. Be2 Nc4 44. Kf2
Rb8 45. Bxc4 dxc4 46. d5 c3 47. Ke3 Rb2 48. Ra1 c2 49. Rc1 Ke7 50. Nc6+ Kd6
51. a7 Bxc6 52. dxc6 Ra2 53. Rxc2 Ra3+ 54. Kf4 Kc7 55. Kg4 Rxa7 56. Kxh3
Ra4 57. f4 g6 58. Kg4 Ra5 59. h4 Ra3 60. f5 Ra4+ 61. Kf3 gxf5 62. h5 Ra1
63. Rh2 Kxc6 64. h6 Ra8 65. Kf4 Kd6 66. h7 1-0

[Event "6th ch-EURw"]
[Site "Chisinau MDA"]
[Date "2005.06.16"]
[Round "6"]
[White "Zaiatz,E"]
[Black "Peptan,C"]
[Result "1-0"]
[WhiteElo "2398"]
[BlackElo "2435"]
[EventDate "2005.06.11"]

1. d4 Nf6 2. c4 e6 3. Nc3 Bb4 4. e3 O-O 5. Nge2 d5 6. a3 Bd6 7. c5 Be7 8.
Nf4 c6 9. Nd3 b6 10. b4 Ba6 11. Be2 Nfd7 12. f4 bxc5 13. bxc5 f6 14. O-O e5
15. f5 Bc4 16. Rb1 Qc8 17. Rb4 Rd8 18. Rxc4 dxc4 19. Nb2 Nxc5 20. Bxc4+ Kh8
21. Qh5 exd4 22. Rf4 h6 23. exd4 Qd7 24. Rg4 Qe8 25. Bf7 Qf8 26. Rg6 Qxf7
27. Rxh6+ gxh6 28. Qxf7 Rd7 29. Bxh6 Bd8 30. Bg7+ Kh7 31. Qg6+ Kg8 32.
Bxf6+ Kf8 33. Qh6+ 1-0

[Event "6th ch-EURw"]
[Site "Chisinau MDA"]
[Date "2005.06.17"]
[Round "7"]
[White "Hamelink,D"]
[Black "Lupik,M"]
[Result "1/2-1/2"]
[WhiteElo "2244"]
[BlackElo "2123"]
[EventDate "2005.06.11"]

1. e4 c5 2. Nf3 d6 3. d4 cxd4 4. Nxd4 Nf6 5. Nc3 a6 6. Be2 e5 7. Nb3 Be7 8.
O-O Be6 9. f4 exf4 10. Bxf4 Nc6 11. Kh1 O-O 12. Qe1 b5 13. Rd1 Qc7 14. Nd5
Bxd5 15. exd5 Ne5 16. c3 Rfe8 17. Qg3 Ng6 18. Bc1 Ne4 19. Qf3 Bf6 20. Bd3
Nc5 21. Bc2 Nxb3 22. axb3 Re7 23. Rf2 Rae8 24. Rdf1 Qc5 25. g4 Bh4 26. Rg2
Qa7 27. Bd2 Be1 28. Bg5 Re5 29. Bxg6 hxg6 30. Bf4 Re4 31. Bxd6 Qd7 32. Bb4
Qxd5 33. c4 Qd7 34. Bxe1 Rxe1 35. Rgf2 f6 36. Rxe1 Rxe1+ 37. Kg2 Qd4 38.
Qf4 Re4 39. Qb8+ Kh7 40. h3 bxc4 41. bxc4 Qxc4 42. Qb7 Re2 43. Rxe2 Qxe2+
44. Kg3 Qb5 45. Qxb5 axb5 46. Kf3 Kh6 47. h4 f5 48. b4 Kh7 49. gxf5 gxf5
50. Kf4 g6 51. Ke5 1/2-1/2

[Event "6th ch-EURw"]
[Site "Chisinau MDA"]
[Date "2005.06.17"]
[Round "7"]
[White "Mirzoeva,E"]
[Black "Cicariova,E"]
[Result "1-0"]
[WhiteElo "2232"]
[BlackElo "2081"]
[EventDate "2005.06.11"]

1. e4 c5 2. b3 d5 3. exd5 Qxd5 4. Nc3 Qd8 5. Bb2 Nf6 6. Bb5+ Bd7 7. Qe2 e6
8. Nf3 Be7 9. O-O-O O-O 10. d4 Qa5 11. Bxd7 Nbxd7 12. d5 c4 13. dxe6 Nb6
14. exf7+ Rxf7 15. Qe5 Qa6 16. Qe6 cxb3 17. Ng5 Raf8 18. Nxf7 Rxf7 19. axb3
Ne8 20. Kb1 Nc7 21. Qg4 Qa5 22. Rhe1 Ncd5 23. Nxd5 Nxd5 24. Qc4 Nb6 25.
Rd8+ Bf8 26. Qe6 Qc5 27. Re5 Qb4 28. Rf5 1-0

[Event "6th ch-EURw"]
[Site "Chisinau MDA"]
[Date "2005.06.21"]
[Round "10"]
[White "Zaiatz,E"]
[Black "Kosintseva,N"]
[Result "1/2-1/2"]
[WhiteElo "2398"]
[BlackElo "2459"]
[EventDate "2005.06.11"]

1. d4 Nf6 2. c4 e6 3. Nc3 Bb4 4. e3 O-O 5. Nge2 d5 6. a3 Be7 7. cxd5 exd5
8. b4 c6 9. Ng3 Re8 10. Bd3 Nbd7 11. O-O Nb6 12. Rb1 Bd6 13. a4 Bxg3 14.
hxg3 Ne4 15. Bxe4 dxe4 16. f3 Nd5 17. Nxe4 Bf5 18. Qb3 Bxe4 19. fxe4 Rxe4
20. b5 cxb5 21. Qd3 Qe7 22. Qxb5 Nxe3 23. Bxe3 Rxe3 24. Qxb7 Qxb7 25. Rxb7
f6 26. g4 h6 27. g5 hxg5 28. Rc1 g4 29. Rcc7 g3 30. Rxg7+ Kh8 31. Rh7+ Kg8
32. Rhg7+ Kh8 33. Rh7+ 1/2-1/2

[Event "6th ch-EURw"]
[Site "Chisinau MDA"]
[Date "2005.06.22"]
[Round "11"]
[White "Mamedjarova,Z"]
[Black "Hagarova,Z"]
[Result "1/2-1/2"]
[WhiteElo "2286"]
[BlackElo "2386"]
[EventDate "2005.06.11"]

1. b3 e5 2. Bb2 d6 3. c4 Nf6 4. e3 g6 5. Nf3 Bg7 6. d4 O-O 7. Be2 Re8 8.
O-O e4 9. Nfd2 c6 10. Nc3 h5 11. b4 Bf5 12. a4 Nbd7 13. c5 d5 14. b5 Nf8
15. a5 a6 16. bxc6 bxc6 17. Qa4 Qc7 18. Rfb1 N6d7 19. Na2 Rec8 20. Bc3 Ne6
21. Rb2 Rcb8 22. Rab1 Rxb2 23. Rxb2 Bf6 24. Qd1 Qc8 25. Qa4 Qc7 26. Nb1 Bd8
27. Rb6 Nb8 28. Be1 Qc8 29. Rb2 Nc7 30. Nbc3 Nb5 31. Qb4 Qe6 32. Na4 Nd7
33. Nb6 Ra7 34. Qb3 Nf6 35. Nb4 Ne8 36. Nc2 Nec7 37. Ra2 Rb7 38. Nb4 Ra7
39. Qd1 Bg5 40. h3 Qe8 41. g4 hxg4 42. Bxg4 Be6 43. Bd2 f5 44. Be2 Kg7 45.
Qf1 Bf7 46. Qg2 Bh4 47. Qh2 Ne6 48. Kf1 f4 49. Bg4 Nbc7 50. Ke2 Bf6 51. Kd1
fxe3 52. fxe3 Nb5 53. Rc2 Nexd4 54. exd4 Nxd4 55. Bc3 Nxc2 56. Bxf6+ Kxf6
57. Nxc2 Kg7 58. Qf2 Be6 59. Qd4+ Kh7 60. Ne3 Rf7 61. Na4 Bxg4+ 62. Nxg4
Qd8 63. Nc3 Qh4 64. Ne2 Qxh3 65. Ne3 Rf3 66. Kd2 Qh2 67. Ng4 Qh4 68. Ne3
Qg5 69. Nc3 Rf2+ 70. Kc1 Qg1+ 71. Ncd1 Rf1 72. Qd2 Re1 73. Nc2 Rf1 74. Nce3
Rf3 75. Kc2 Rh3 76. Kc1 Rh2 77. Qc3 Qg3 78. Qd4 Qf4 79. Kb1 Re2 80. Qc3 g5
81. Nc2 g4 82. Qb4 Kg6 83. Qb7 Qd2 84. Qxc6+ Kg5 85. Ne1 Re3 86. Nxe3 Qxe3
87. Qxd5+ Kf4 88. c6 Qxe1+ 89. Kc2 Qe2+ 90. Kc3 Qe1+ 91. Kc2 Qe2+ 92. Kb3
Qe3+ 93. Ka4 Qc3 94. Qd6+ Kf3 95. Qd1+ Kf2 96. Qd7 Qc4+ 97. Ka3 Qc3+ 98.
Ka4 Qc4+ 99. Ka3 Qc3+ 100. Ka4 Qc4+ 1/2-1/2

[Event "6th ch-EURw"]
[Site "Chisinau MDA"]
[Date "2005.06.22"]
[Round "11"]
[White "Galojan,L"]
[Black "Kochetkova,J"]
[Result "0-1"]
[WhiteElo "2256"]
[BlackElo "2311"]
[EventDate "2005.06.11"]

1. d4 Nf6 2. c4 e6 3. Nc3 Bb4 4. e3 O-O 5. Nge2 d5 6. a3 Be7 7. Nf4 c6 8.
cxd5 exd5 9. Bd3 Nbd7 10. O-O Re8 11. b4 a6 12. Rb1 Nf8 13. a4 Bd6 14. Qc2
Ne6 15. Nxe6 Bxe6 16. h3 Qe7 17. b5 a5 18. e4 dxe4 19. Nxe4 Nxe4 20. Bxe4
h6 21. bxc6 bxc6 22. Bxc6 Rac8 23. Qe4 Bc4 24. Re1 Rxc6 25. Qxe7 Rxe7 0-1

[Event "6th ch-EURw"]
[Site "Chisinau MDA"]
[Date "2005.06.22"]
[Round "11"]
[White "Padurariu,I"]
[Black "Malysheva,P"]
[Result "0-1"]
[WhiteElo "2153"]
[BlackElo "2301"]
[EventDate "2005.06.11"]

1. e4 c5 2. Nc3 e6 3. f4 d5 4. Nf3 Nc6 5. Bb5 Nge7 6. exd5 Nxd5 7. Ne5 Qc7
8. Bxc6+ bxc6 9. d3 Be7 10. O-O O-O 11. Ne4 f6 12. Nc4 f5 13. Ng3 Rb8 14.
Qe1 Bf6 15. c3 Nb6 16. Nh5 Be7 17. Qe5 Qxe5 18. Nxe5 Bb7 19. c4 Rbd8 20.
Be3 Nd7 21. Rad1 g6 22. Ng3 Bd6 23. b3 Nxe5 24. fxe5 Bxe5 25. Bxc5 Bd6 26.
Bxa7 Ra8 27. Bf2 Rxa2 28. c5 Bc7 29. d4 Rfa8 30. Rfe1 Kf7 31. Re2 Bxg3 32.
Rxa2 Bxh2+ 33. Kxh2 Rxa2 34. Bh4 Rb2 35. Ra1 Rxb3 36. Bg3 g5 37. Be5 f4 38.
Ra7 Kg6 39. g3 fxg3+ 40. Bxg3 Kf5 41. Ra2 h5 42. Bd6 Rb4 43. Be5 h4 44.
Rf2+ Kg4 45. Rg2+ Kh5 46. Ra2 g4 47. Kg2 Kg5 48. Kh2 g3+ 49. Kh3 Rb1 50.
Ra3 Rb2 51. Bxg3 hxg3 52. Kxg3 Rb4 53. Rd3 Ba6 54. Rd2 Rb3+ 55. Kf2 Kf4 0-1

[Event "6th ch-EURw"]
[Site "Chisinau MDA"]
[Date "2005.06.22"]
[Round "11"]
[White "Dolzhikova,K"]
[Black "Gheorghe,C"]
[Result "1-0"]
[WhiteElo "2232"]
[BlackElo "2234"]
[EventDate "2005.06.11"]

1. e4 c5 2. Nf3 d6 3. Bb5+ Nd7 4. c4 Ngf6 5. Nc3 e5 6. d3 Be7 7. O-O O-O 8.
a3 a5 9. Ne1 Ne8 10. Nc2 Nc7 11. Bxd7 Bxd7 12. Ne3 Bg5 13. Ned5 Bxc1 14.
Rxc1 Ne6 15. Ne2 b5 16. f4 exf4 17. Nexf4 Nd4 18. Qh5 Rb8 19. Rf2 f5 20.
Re1 bxc4 21. exf5 Re8 22. Ne6 Bxe6 23. fxe6 cxd3 24. e7 Qc8 25. Rf8+ 1-0